000 00882nam a2200169Ia 4500
008 110201s9999 xx 000 0 und d
082 _bB9335
_aS 1743
100 _aइंगळे व.न.
245 _aमहाराष्ट्राचे शिल्पकार : कर्मवीर मामासाहेब जगदाळे
260 _bमहाराष्ट्र राज्य पाठ्यपुस्तक निर्मिती
365 _b45
600 _aइंगळे व.न.
630 _aमहाराष्ट्राचे शिल्पकार : कर्मवीर मामासाहेब जगदाळे
700 _aइंगळे व.न.
730 _aमहाराष्ट्राचे शिल्पकार : कर्मवीर मामासाहेब जगदाळे
942 _cBOOK
999 _c834777
_d834774